Normal view
MARC view
Entry Nombre personal
001 - NÚMERO DE CONTROL
- campo de control: 1135
003 - IDENTIFICADOR DE NÚMERO DE CONTROL
- campo de control: DLC
005 - FECHA Y HORA DE LA ÚLTIMA TRANSACCIÓN
- campo de control: 20260425110804.0
008 - ELEMENTOS DE DATO DE LONGITUD-FIJA
- campo de control de longitud fija: 090227n| azannaabn |n aaa
010 ## - NÚMERO DE CONTROL DE LA BIBLIOTECA DEL CONGRESO
- Número de control de LC: n 2009012664
035 ## - NÚMERO DE CONTROL DEL SISTEMA
- Número de control de sistema: (OCoLC)oca08029483
040 ## - FUENTE DE CATALOGACIÓN
- Centro catalogador/agencia de origen: DLC
- Lengua de catalogación: eng
- Normas de descripción: rda
- Centro/agencia transcriptor: DLC
- Centro/agencia modificador: DLC
- Centro/agencia modificador: InU
046 ## - FECHAS CON CODIFICACIÓN ESPECIAL
- Fecha de nacimiento: 1951-04-06
- Fuente del esquema de fecha: edtf
100 1# - ENCABEZAMIENTO-NOMBRE DE PERSONA
- Nombre de persona: Hale, John R.,
- Fechas asociadas al nombre: 1951-
670 ## - FUENTE DE DATOS ENCONTRADOS
- Cita de la fuente: His Lords of the sea, c2009:
- Información encontrada: ECIP t.p. (John R. Hale)
670 ## - FUENTE DE DATOS ENCONTRADOS
- Cita de la fuente: Change request from pub., 2009-02-27
- Información encontrada: (John R. Hale is the author; his birthdate is April 6, 1951)
670 ## - FUENTE DE DATOS ENCONTRADOS
- Cita de la fuente: Teaching Company web site, Feb. 17, 2011
- Información encontrada: (John R. Hale; course: Greek and Persian Wars; archaeologist; director of liberal studies at the University of Louisville)
- Identificador Uniforme de Recurso: http://www.teach12.com/tgc/professors/professor_detail.aspx?pid=319
670 ## - FUENTE DE DATOS ENCONTRADOS
- Cita de la fuente: Teaching Company web site, Feb. 18, 2011
- Información encontrada: (John R. Hale; course: Art of public speaking; author of Lords of the sea: the epic story of the Athenian navy and the birth of democracy)
- Identificador Uniforme de Recurso: http://www.teach12.com/tgc/courses/course_detail.aspx?cid=2031